All Djo Songs - Statistics

General Stats
  • This quiz has been taken 134 times
  • The average score is 21 of 26
Answer Stats
Answer % Correct
Chateau (Feel Alright)
94%
Gloom
94%
Roddy
92%
End Of Beginning
91%
Change
90%
On And On
89%
Slither
89%
Fool
85%
I Want Your Video
82%
Keep Your Head Up
82%
Runner
82%
Tentpole Shangrila
82%
Figure You Out
81%
Flash Mountain
80%
Half Life
80%
Climax
78%
Showtime
78%
Is That All It Takes
77%
Go For It
76%
Personal Lies
76%
Mortal Projections
75%
BNBG
71%
Mutual Future (Repeat)
71%
Just Along for the Ride
70%
Ring
67%
Total Control
58%
No matching quizzes found
Score Distribution
Percent of People with Each Score
Percentile by Number Answered
Your Score History
You have not taken this quiz